000 00718nam a2200205Ia 4500
999 _c39704
_d39704
001 6307
003 GE_BSU
005 20191002164129.0
008 181216s1948||||ge |||||||||||||| ||geo||
040 _cGE_BSU
041 _ageo
080 _a821.353.1-32 ბ-27
100 _aბარნოვი, ვასილ
_94407
245 _aმოთხრობები /
_cვასილ ბარნოვი ; რედ. : გ. ქიქოძე.
264 _aთბილისი :
_bსაბჭ.მწერალი ;
_c1948.
300 _a394 გვ. ;
_c21 სმ.
653 _aმოთხრობები
700 _aქიქოძე, გ.
_eრედაქტორი
_94458
942 _cBK
_2udc